Legitimacy of unseen actors in international adjudication / (Record no. 1585)
[ view plain ]
| 000 -LEADER | |
|---|---|
| fixed length control field | 03325dam a2200397 i 4500 |
| 001 - CONTROL NUMBER | |
| control field | data |
| 005 - DATE AND TIME OF LATEST TRANSACTION | |
| control field | 20260322212107.0 |
| 008 - FIXED-LENGTH DATA ELEMENTS--GENERAL INFORMATION | |
| fixed length control field | data |
| 010 ## - LIBRARY OF CONGRESS CONTROL NUMBER | |
| LC control number | 2019019447 |
| 020 ## - INTERNATIONAL STANDARD BOOK NUMBER | |
| International Standard Book Number | 9781108485852 |
| Qualifying information | hardback |
| 020 ## - INTERNATIONAL STANDARD BOOK NUMBER | |
| International Standard Book Number | 9781108725286 |
| Qualifying information | paperback |
| 035 ## - SYSTEM CONTROL NUMBER | |
| System control number | 20943760 |
| 040 ## - CATALOGING SOURCE | |
| Original cataloging agency | DLC |
| Language of cataloging | eng |
| Description conventions | rda |
| Transcribing agency | DLC |
| 042 ## - AUTHENTICATION CODE | |
| Authentication code | pcc |
| 050 00 - LIBRARY OF CONGRESS CALL NUMBER | |
| Classification number | KZ6115 |
| Item number | .L44 2019 |
| 082 00 - DEWEY DECIMAL CLASSIFICATION NUMBER | |
| Classification number | 341.5/22 |
| Edition information | 23 |
| 084 ## - OTHER CLASSIFICATION NUMBER | |
| Classification number | LAW051000 |
| Number source | bisacsh |
| 245 00 - TITLE STATEMENT | |
| Title | Legitimacy of unseen actors in international adjudication / |
| Statement of responsibility, etc. | edited by Freya Baetens. |
| 264 #1 - PRODUCTION, PUBLICATION, DISTRIBUTION, MANUFACTURE, AND COPYRIGHT NOTICE | |
| Place of production, publication, distribution, manufacture | New York, NY : |
| -- | New York, NY : |
| Name of producer, publisher, distributor, manufacturer | Cambridge University Press, |
| Date of production, publication, distribution, manufacture, or copyright notice | 2019. |
| 300 ## - PHYSICAL DESCRIPTION | |
| Extent | xxiii, 626 pages : |
| Other physical details | illustrations ; |
| Dimensions | 24 cm |
| 336 ## - CONTENT TYPE | |
| Content type term | text |
| Content type code | txt |
| Source | rdacontent |
| 337 ## - MEDIA TYPE | |
| Media type term | unmediated |
| Media type code | n |
| Source | rdamedia |
| 338 ## - CARRIER TYPE | |
| Carrier type term | volume |
| Carrier type code | nc |
| Source | rdacarrier |
| 490 0# - SERIES STATEMENT | |
| Series statement | Studies on international courts and tribunals |
| 520 ## - SUMMARY, ETC. | |
| Summary, etc. | "'Unseen actors' are vital to the functioning of international courts and tribunals, exercising varying levels of influence on the adjudicatory process and its outcome. The last few decades have witnessed an expansion in the number of international judicial bodies. Although these bodies differ in their institutional make-up and functions, a characteristic shared among them is their reliance on the contribution of individuals or entities other than the judicial decision-makers themselves. Unseen actors may take the form of registries, secretariats, law clerks and legal officers, but they also include non-lawyers such as translators, members of the medical profession and scientific experts. Some of these actors may be 'more unseen' than others but most remain nameless in the written decisions, and the extent of their contribution is generally unclear. The opaqueness of their role, combined with the significance of the judicial decision for the parties involved as well as for a wider range of stakeholders, raises questions about the impact of these unseen actors on the legitimacy of international adjudication as such. For example, an unseen actor's influence has formed a ground upon which an arbitral award was challenged, as substantial parts had allegedly been written by a legal assistant rather than the arbitrators themselves. The domestic court adjudicating the dispute in first instance set aside the award on a different ground, so it did not address this point; the case is currently pending on appeal. This book aims to answer such legitimacy questions and identify 'best practices', where feasible, through a multifaceted enquiry into possible common connections and patterns in the institutional makeup and daily practice of international courts and tribunals"-- |
| Assigning source | Provided by publisher. |
| 504 ## - BIBLIOGRAPHY, ETC. NOTE | |
| Bibliography, etc. note | Includes bibliographical references and index. |
| 650 #0 - SUBJECT ADDED ENTRY--TOPICAL TERM | |
| Topical term or geographic name entry element | Arbitration (International law) |
| 650 #0 - SUBJECT ADDED ENTRY--TOPICAL TERM | |
| Topical term or geographic name entry element | Jurisdiction (International law) |
| 650 #0 - SUBJECT ADDED ENTRY--TOPICAL TERM | |
| Topical term or geographic name entry element | International courts. |
| 650 #7 - SUBJECT ADDED ENTRY--TOPICAL TERM | |
| Topical term or geographic name entry element | LAW / International. |
| Source of heading or term | bisacsh |
| 700 1# - ADDED ENTRY--PERSONAL NAME | |
| Personal name | Baetens, Freya, |
| Relator term | editor. |
| 906 ## - LOCAL DATA ELEMENT F, LDF (RLIN) | |
| a | 7 |
| b | cbc |
| c | orignew |
| d | 1 |
| e | ecip |
| f | 20 |
| g | y-gencatlg |
| 925 0# - | |
| -- | acquire |
| -- | 1 shelf copy |
| -- | policy default |
| 955 ## - COPY-LEVEL INFORMATION (RLIN) | |
| -- | xm06 2019-04-24 |
| -- | xg34 2025-12-05 Copy 1 to LL |
| 963 ## - | |
| -- | Newgen Knowledge Works; phone: +91-9083252430; email: [email protected]; bc: [email protected] |
| Withdrawn status | Lost status | Damaged status | Not for loan | Home library | Current library | Shelving location | Date acquired | Total checkouts | Full call number | Barcode | Date last seen | Price effective from | Koha item type |
|---|---|---|---|---|---|---|---|---|---|---|---|---|---|
| Liberty | Liberty | General stacks | 22/03/2026 | 341.5/22 | LOC-LPL-00048 | 22/03/2026 | 22/03/2026 | Books |